Beste 3. Liga Absteiger - Statistiken

Allgemein
  • Dieses Quiz wurde 11 mal gespielt
  • Das Durchschnittsergebnis liegt bei 8 aus 20
Antwortstatistiken
Platz Saison Verein Punkte; (TD) % Korrekt
7. 2012/13 Kickers Offenbach 42; (-3)
73%
17. 2014/15 SpVgg Unterhaching 39; (-16)
64%
18. 2011/12 FC Carl Zeiss Jena 39; (-20)
55%
5. 2024/25 Borussia Dortmund II 43; (-7)
45%
15. 2014/15 Borussia Dortmund II 39; (-10)
45%
16. 2009/10 Borussia Dortmund II 39; (-15)
45%
3. 2018/19 Energie Cottbus 45; (-7)
45%
9. 2015/16 Energie Cottbus 41; (-20)
45%
13. 2023/24 Hallescher FC 40; (-18)
45%
1. 2008/09 Kickers Emden 59; (+1)
45%
12. 2016/17 1. FSV Mainz 05 II 40; (-17)
36%
8. 2020/21 KFC Uerdingen 05 41; (-12)
36%
10. 2019/20 Preußen Münster 40; (-13)
36%
19. 2008/09 VfR Aalen 39; (-22)
36%
11. 2018/19 Sportfreunde Lotte 40; (-15)
27%
6. 2015/16 Stuttgarter Kickers 43; (-14)
27%
4. 2019/20 Chemnitzer FC 44; (-6)
18%
2. 2010/11 TuS Koblenz 49; (-8)
18%
20. 2010/11 Rot Weiss Ahlen 39; (-24)
9%
14. 2013/14 SV Elversberg 40; (-22)
9%
Keine übereinstimmenden Quizze gefunden
Verteilung der Resultate
Anzahl Personen mit jedem Resultat
Perzentil nach korrekt beantworteten Fragen
Ihre Resultats-Entwicklung
Sie haben dieses Quiz noch nicht gespielt